Equity and trusts (Record no. 101423)

MARC details
000 -LEADER
fixed length control field 01336cam a2200265 4500
001 - CONTROL NUMBER
control field ##L112380
008 - FIXED-LENGTH DATA ELEMENTS--GENERAL INFORMATION
fixed length control field 000000n2006 000 0 eng u
020 ## - INTERNATIONAL STANDARD BOOK NUMBER
International Standard Book Number 0421599200
-- 9780421599208
035 ## - SYSTEM CONTROL NUMBER
System control number (Sirsi) u112380
041 0# - LANGUAGE CODE
Language code of text/sound track or separate title eng
050 04 - LIBRARY OF CONGRESS CALL NUMBER
Classification number 346.41059 $2 18
100 1# - MAIN ENTRY--PERSONAL NAME
Personal name Haley, Michael
245 00 - TITLE STATEMENT
Title Equity and trusts
260 3# - PUBLICATION, DISTRIBUTION, ETC.
Place of publication, distribution, etc. London
Name of publisher, distributor, etc. Sweet and Maxwell
Date of publication, distribution, etc. 2006
300 ## - PHYSICAL DESCRIPTION
Extent xciii, 566p.
Dimensions 25cm.
350 ## - PRICE (NR) (BK AM CF MU VM SE) [OBSOLETE]
Price 24.95
490 #0 - SERIES STATEMENT
Series statement Sweet and Maxwell Textbook Series
505 1# - FORMATTED CONTENTS NOTE
Formatted contents note An introduction to equity and trusts -- The three certainties -- constitution of trusts -- Formalities and the perpetuity rules -- mutual wills and secret trusts -- Non-charitable purpose trusts -- Charitable trusts -- Cy-pres trusts -- Resulting trusts -- Constructive trusts -- Trusts of the family home -- The appointment retirement and removal of trustees -- The duties of a trustee -- Trustee's powers -- Variation of trusts -- Setting trusts aside -- Breach of trusts -- Injunctions -- Specific performance.
520 ## - SUMMARY, ETC.
Summary, etc. Presents a detailed account of the law of trusts and equity. Gives examples to aid understanding of the more complex and technical areas.
590 ## - LOCAL NOTE (RLIN)
Local note IKA171006
651 #4 - SUBJECT ADDED ENTRY--GEOGRAPHIC NAME
Geographic name England and Wales
Chronological subdivision 1543-
690 ## - LOCAL SUBJECT ADDED ENTRY--TOPICAL TERM (OCLC, RLIN)
Topical term or geographic name as entry element PROPERTY-PROPERTY FINANCE AND INVESTMENT
700 1# - ADDED ENTRY--PERSONAL NAME
Personal name McMurtry, Lara
942 ## - ADDED ENTRY ELEMENTS (KOHA)
Suppress in OPAC 0
Holdings
Withdrawn status Lost status Source of classification or shelving scheme Damaged status Not for loan Home library Current library Shelving location Date acquired Cost, normal purchase price Total Checkouts Full call number Barcode Date last seen Date last checked out Copy number Cost, replacement price Price effective from Koha item type
    Dewey Decimal Classification     London London Books 06/11/2006 22.95 3 346.41059 HAL 30072383 06/08/2019 25/01/2010 1 22.95 06/08/2019 Book